Music Quiz

Random Music or This or That Quiz

One-Hit Wonder or Not II Quiz Stats

 Plays Quiz Updated Jun 25, 2016

Challenge
Share
Tweet
Embed
Score 0/28 Timer 04:00
2 Plays Today
Artist and Best-Known Song One Hit Wonder (Y/N) % Correct
Carl Douglas (Kung Fu Fighting -- #1, 1974)???
75.6%
Joey Scarbury (Theme from Greatest American Hero (Believe It or Not) -- #2, 1981)???
75.3%
Toni Basil (Mickey -- #1, 1982)???
74.7%
Van McCoy (The Hustle -- #1, 1975)???
67.7%
Jack Wagner (All I Need -- #2, 1985)???
67%
Blues Image (Ride Captain Ride -- #4, 1970)???
66.6%
Barenaked Ladies (One Week -- #1, 1998)???
66.5%
Shocking Blue (Venus -- #1, 1970)???
65%
Love and Rockets (So Alive -- #3, 1989)???
64.4%
Anita Ward (Ring My Bell -- #1, 1979)???
63.8%
Crash Test Dummies (Mmm Mmm Mmm Mmm -- #4, 1994)???
63.6%
Sister Sledge (We Are Family -- #2, 1979)???
58.5%
Debby Boone (You Light Up My Life -- #1, 1977)???
57%
Warren Zevon (Werewolves of London -- #21, 1978)???
55.3%
Artist and Best-Known Song One Hit Wonder (Y/N) % Correct
Frankie Goes to Hollywood (Relax -- #10, 1984)???
53.9%
A Flock of Seagulls (I Ran (So Far Away) -- #9, 1982)???
46.3%
Vanilla Ice (Ice Ice Baby -- #1, 1990)???
46.1%
The Archies (Sugar, Sugar -- #1, 1969)???
42.8%
Hot Chocolate (You Sexy Thing -- #3, 1976)???
42.7%
Sinéad O'Connor (Nothing Compares 2 U -- #1, 1990)???
42.6%
Cutting Crew ((I Just) Died in Your Arms -- #1, 1987)???
40.9%
Falco (Rock Me Amadeus -- #1, 1986)???
38.2%
The Bobby Fuller Four (I Fought the Law -- #9, 1966)???
36.4%
Katrina and the Waves (Walking on Sunshine -- #9, 1985)???
36.2%
Jesus Jones (Right Here, Right Now -- #2, 1991)???
36%
Five Man Electrical Band (Signs -- #3, 1971)???
30.4%
? and The Mysterians (96 Tears -- #1, 1966)???
27.8%
C.W. McCall (Convoy -- #1, 1976)???
27.8%

You're not logged in!

Compare scores with friends on all Sporcle quizzes.
Join for Free
OR
Log In

You Might Also Like...

Show Comments

Extras

Top Quizzes Today


Score Distribution

Your Account Isn't Verified!

In order to create a playlist on Sporcle, you need to verify the email address you used during registration. Go to your Sporcle Settings to finish the process.

Report this User

Report this user for behavior that violates our Community Guidelines.

Details: